| 000 | 01545cam a2200361 i 4500 | ||
|---|---|---|---|
| 001 | 22390189 | ||
| 003 | OSt | ||
| 005 | 20231006160813.0 | ||
| 008 | 220120s2023 nyu 000 0deng | ||
| 010 | _a 2022002855 | ||
| 020 | _a9780670098293 | ||
| 020 |
_a9780593420256 _q(hardcover) |
||
| 020 |
_z9780593420270 _q(ebook) |
||
| 040 |
_aDLC _beng _erda _cDLC _dDLC |
||
| 042 | _apcc | ||
| 050 | 0 | 0 |
_aBL628.8 _b.I94 2023 |
| 082 | 0 | 0 |
_a203.5 _bIYE/H |
| 100 | 1 |
_aIyer, Pico _eauthor. _95654 |
|
| 245 | 1 | 4 |
_aThe half known life : _bin search of paradise / _cPico Iyer. |
| 264 | 1 |
_aNew York : _bRiverhead Books, _c2023. |
|
| 300 |
_a225 pages ; _c22 cm |
||
| 336 |
_atext _btxt _2rdacontent |
||
| 337 |
_aunmediated _bn _2rdamedia |
||
| 338 |
_avolume _bnc _2rdacarrier |
||
| 520 |
_a"A journey through competing ideas of paradise to see how we can live more peacefully in an ever more divided and distracted world"-- _cProvided by publisher. |
||
| 650 | 0 | _aSpiritual life. | |
| 650 | 0 |
_aTravel _xReligious aspects. |
|
| 650 | 0 | _aParadise. | |
| 776 | 0 | 8 |
_iOnline version: _aIyer, Pico. _tThe Half known life _dNew York : Riverhead Books, 2023 _z9780593420270 _w(DLC) 2022002856 |
| 906 |
_a7 _bcbc _corignew _d1 _eecip _f20 _gy-gencatlg |
||
| 942 |
_2ddc _cBK _h203.5 _iIYE/H _k203.5 _mIYE/H |
||
| 999 |
_c42564 _d42564 |
||